[Event "Eger Agria op"]
[Site "Eger"]
[Date "2009.07.22"]
[Round "1"]
[White "Engel, Tibor"]
[Black "Juhasz, Bela"]
[Result "0-1"]
[WhiteElo "1834"]
[BlackElo "2205"]
[PlyCount "108"]
[EventDate "2009.07.22"]
[EventType "swiss"]
[EventRounds "7"]
[EventCountry "HUN"]
[SourceTitle "EXT 2011"]
[Source "ChessBase"]
[SourceDate "2010.11.26"]
[SourceVersion "1"]
[SourceVersionDate "2010.11.26"]
[SourceQuality "1"]

1. c4 Nf6 2. Nc3 c5 3. Nf3 e6 4. e3 Nc6 5. d4 cxd4 6. exd4 d5 7. cxd5 Nxd5 8. Be2 Be7 9. 0-0 0-0 10. Nxd5 Qxd5 11. Be3 Rd8 12. Rc1 Qxa2 13. Qc2 Qa5 14. Bd2 Qb6 15. Be3 Nb4 16. Qa4 Bd7 17. Qb3 Qd6 18. Ne5 Rac8 19. Bh6 Bf8 20. Bh5 Be8 21. Qf3 Qe7 22. Bxf7+ Bxf7 23. Bg5 Qe8 24. Bxd8 Rxd8 25. Qxb7 Nd5 26. Qxa7 Ra8 27. Qd7 Rb8 28. Qxf7+ Qxf7 29. Nxf7 Kxf7 30. Rb1 Rb3 31. Rfd1 Be7 32. Kf1 Bf6 33. g3 Rb4 34. Rd3 Bxd4 35. b3 Kf6 36. Rc1 Be5 37. Rc4 Rb6 38. Rf3+ Ke7 39. Ra4 Rb7 40. Ke2 Nc3+ 41. Kd2 Nxa4 42. bxa4 Rb2+ 43. Kd3 Ra2 44. Re3 Bd6 45. Re4 Rxf2 46. Re2 Rxe2 47. Kxe2 e5 48. Ke3 Ke6 49. Ke4 g6 50. h3 Bc5 51. g4 Bb4 52. h4 h6 53. h5 g5 54. Ke3 Kd5 0-1

[Event "Eger Tavasz op"]
[Site "Eger"]
[Date "2009.06.01"]
[Round "6"]
[White "Engel, Tibor"]
[Black "Bojtar, Lajos"]
[Result "1-0"]
[WhiteElo "1808"]
[BlackElo "1595"]
[PlyCount "113"]
[EventDate "2009.05.29"]
[EventType "swiss"]
[EventRounds "7"]
[EventCountry "HUN"]
[SourceTitle "EXT 2011"]
[Source "ChessBase"]
[SourceDate "2010.11.26"]
[SourceVersion "1"]
[SourceVersionDate "2010.11.26"]
[SourceQuality "1"]

1. e4 e5 2. Nf3 Nc6 3. Bc4 h6 4. Nc3 Nf6 5. 0-0 a6 6. d3 b5 7. Bb3 Na5 8. Nxe5 Nxb3 9. axb3 Bb7 10. Be3 Bd6 11. Nf3 Be7 12. Re1 0-0 13. Ne2 Re8 14. Ng3 Nh7 15. c4 b4 16. d4 a5 17. d5 d6 18. Bd4 Bc8 19. e5 dxe5 20. Nxe5 Bb7 21. Qh5 Rf8 22. Nf5 Bg5 23. Ng4 Bf6 24. Bxf6 Nxf6 25. Ngxh6+ Kh7 26. Qh4 Ng8 27. Qxd8 Raxd8 28. Nxg8 Kxg8 29. Re7 Bc8 30. Nd4 Rd7 31. Ree1 c5 32. Nc6 Kh7 33. Rxa5 Bb7 34. Rxc5 Bxc6 35. Rxc6 Rb7 36. d6 Ra8 37. g3 Rd8 38. Re7 Rxd6 39. Rxb7 Rxc6 40. Rxb4 Kg6 41. Ra4 Kf5 42. Ra5+ Ke4 43. Ra7 Rf6 44. Rd7 Rb6 45. Re7+ Kd3 46. Re3+ Kc2 47. c5 Rb7 48. Kg2 Kxb2 49. Kf3 Ka3 50. Ke4 Kb4 51. c6 Rc7 52. Kd5 Kb5 53. Rc3 Kb6 54. Kd6 Rc8 55. c7 Kb7 56. Kd7 f5 57. Rc4 1-0

[Event "Bader Memorial op"]
[Site "Heves"]
[Date "2009.03.28"]
[Round "4"]
[White "Dostan, Janos"]
[Black "Engel, Tibor"]
[Result "1-0"]
[WhiteElo "2164"]
[BlackElo "1815"]
[PlyCount "111"]
[EventDate "2009.03.26"]
[EventType "swiss"]
[EventRounds "7"]
[EventCountry "HUN"]
[SourceTitle "EXT 2011"]
[Source "ChessBase"]
[SourceDate "2010.11.26"]
[SourceVersion "1"]
[SourceVersionDate "2010.11.26"]
[SourceQuality "1"]

1. e4 e6 2. Qe2 g6 3. d4 Bg7 4. c3 e5 5. dxe5 Bxe5 6. Nf3 Bg7 7. Bg5 Ne7 8. Nbd2 0-0 9. 0-0-0 d6 10. h4 Bg4 11. Qb5 b6 12. Nc4 a6 13. Qb3 h6 14. Bf4 b5 15. Ne3 Be6 16. Qc2 Qc8 17. Kb1 Nbc6 18. Nd5 Nxd5 19. exd5 Bf5 20. Bd3 Bxd3 21. Qxd3 Ne5 22. Nxe5 dxe5 23. Be3 Rd8 24. f3 Qf5 25. Qxf5 gxf5 26. g4 fxg4 27. fxg4 Rd7 28. Rd2 Rad8 29. Rhd1 Rd6 30. b3 Rg6 31. Rg1 f5 32. gxf5 Rxg1+ 33. Bxg1 Rf8 34. Rf2 Bf6 35. Rg2+ Kh7 36. Be3 Bg7 37. Rf2 Rd8 38. c4 bxc4 39. bxc4 Rb8+ 40. Kc2 e4 41. f6 Bf8 42. Kc3 c6 43. dxc6 Rc8 44. c5 Rxc6 45. Kc4 Kg6 46. Kd5 Rc8 47. f7 Rc7 48. c6 h5 49. Bd4 Re7 50. Bc5 e3 51. Rg2+ Kxf7 52. Bxe7 Kxe7 53. Re2 Bh6 54. Kc5 Kd8 55. Kb6 Kc8 56. Rg2 1-0

[Event "Bader Memorial op"]
[Site "Heves"]
[Date "2009.03.28"]
[Round "5"]
[White "Engel, Tibor"]
[Black "Kiraly, Gergely"]
[Result "1/2-1/2"]
[WhiteElo "1815"]
[BlackElo "1943"]
[PlyCount "86"]
[EventDate "2009.03.26"]
[EventType "swiss"]
[EventRounds "7"]
[EventCountry "HUN"]
[SourceTitle "EXT 2011"]
[Source "ChessBase"]
[SourceDate "2010.11.26"]
[SourceVersion "1"]
[SourceVersionDate "2010.11.26"]
[SourceQuality "1"]

1. d4 Nf6 2. Nf3 g6 3. g3 Bg7 4. Bg2 0-0 5. 0-0 d6 6. c3 c6 7. Nbd2 Qc7 8. Re1 e5 9. e4 c5 10. dxe5 dxe5 11. Nf1 Rd8 12. Qc2 Nc6 13. Bg5 h6 14. Be3 b6 15. Rad1 Be6 16. Rxd8+ Rxd8 17. Rd1 Rxd1 18. Qxd1 Nxe4 19. a4 Nf6 20. Qc1 Kh7 21. b4 cxb4 22. cxb4 Qd7 23. Qxc6 Qxc6 24. Ng5+ hxg5 25. Bxc6 Bd5 26. Bb5 Ne4 27. a5 Bf8 28. axb6 axb6 29. Bxb6 Bxb4 30. Ne3 Be6 31. Bc6 Nc3 32. Nc2 Be7 33. Ba5 Ne2+ 34. Kg2 g4 35. Ne3 f5 36. Bc7 Bf6 37. Nd5 Bxd5+ 38. Bxd5 g5 39. Be6 Nd4 40. Bd7 Kg6 41. Bb6 Nf3 42. Be8+ Kg7 43. Bd7 Kg6 1/2-1/2

[Event "HUN-ch Seniors"]
[Site "Ajka"]
[Date "2008.06.25"]
[Round "3"]
[White "Tamas, Jeno"]
[Black "Engel, Tibor"]
[Result "1-0"]
[WhiteElo "1806"]
[BlackElo "1901"]
[PlyCount "85"]
[EventDate "2008.06.23"]
[EventType "swiss"]
[EventRounds "9"]
[EventCountry "HUN"]
[SourceTitle "EXT 2011"]
[Source "ChessBase"]
[SourceDate "2010.11.26"]
[SourceVersion "1"]
[SourceVersionDate "2010.11.26"]
[SourceQuality "1"]

1. e4 e5 2. Nf3 Nf6 3. Nc3 Nc6 4. Bb5 Nd4 5. Bc4 Nxf3+ 6. Qxf3 Bb4 7. Nd5 Nxd5 8. Bxd5 0-0 9. c3 Bc5 10. b4 Bb6 11. a4 c6 12. Bb3 d6 13. a5 Bc7 14. d4 Be6 15. d5 Bd7 16. Qg3 Qf6 17. 0-0 cxd5 18. exd5 a6 19. Ra3 b6 20. Bc2 Bb5 21. Bg5 Qxg5 22. Qxg5 Bxf1 23. Kxf1 bxa5 24. Qh4 f5 25. g4 axb4 26. cxb4 Bd8 27. Qh3 Rc8 28. Bxf5 Rc1+ 29. Kg2 g6 30. Be6+ Kg7 31. Rxa6 Rc2 32. Ra7+ Bc7 33. Rxc7+ Rxc7 34. g5 Rf4 35. Qa3 Rf8 36. b5 Rc2 37. Qa7+ Kh8 38. h4 Rb2 39. h5 gxh5 40. Bf7 Kg7 41. Bxh5+ Kh8 42. g6 Rg8 43. Qxh7# 1-0

[Event "HUN-ch Seniors"]
[Site "Ajka"]
[Date "2008.06.24"]
[Round "2"]
[White "Engel, Tibor"]
[Black "Farkas, Laszlo"]
[Result "0-1"]
[WhiteElo "1901"]
[BlackElo "2027"]
[PlyCount "94"]
[EventDate "2008.06.23"]
[EventType "swiss"]
[EventRounds "9"]
[EventCountry "HUN"]
[SourceTitle "EXT 2011"]
[Source "ChessBase"]
[SourceDate "2010.11.26"]
[SourceVersion "1"]
[SourceVersionDate "2010.11.26"]
[SourceQuality "1"]

1. d4 Nf6 2. c4 e6 3. g3 d6 4. Bg2 Qd7 5. Nf3 Nc6 6. Nc3 a6 7. 0-0 Be7 8. e4 0-0 9. Qc2 Rb8 10. Re1 Rd8 11. a3 e5 12. Be3 Bf8 13. Rad1 exd4 14. Nxd4 Ne5 15. Qb3 Qe8 16. f4 Ned7 17. Nf3 Ng4 18. Nd5 c6 19. Nc7 Qe7 20. Ba7 Nc5 21. Qb6 Na4 22. Qb4 Nxb2 23. Qxb2 Qxc7 24. Bxb8 Qxb8 25. Nd4 Qa7 26. h3 Nf6 27. Kh2 Qc5 28. Qc3 Qh5 29. Qf3 Bg4 30. Qb3 Bxd1 31. Qxd1 Qxd1 32. Rxd1 g6 33. Nb3 Rc8 34. a4 Ne8 35. Rb1 b6 36. Nc1 b5 37. axb5 cxb5 38. cxb5 axb5 39. Nd3 Rc3 40. Nb4 Nc7 41. Nd5 Nxd5 42. exd5 Rc5 43. Bf1 Rxd5 44. Rxb5 Rd1 45. Kg2 Rd4 46. Rb7 h5 47. Rc7 h4 0-1

[Event "Eger Tavasz op"]
[Site "Eger"]
[Date "2008.05.04"]
[Round "7"]
[White "Engel, Tibor"]
[Black "Gledura, Benjamin"]
[Result "1/2-1/2"]
[WhiteElo "1901"]
[BlackElo "1693"]
[PlyCount "66"]
[EventDate "2008.05.01"]
[EventType "swiss"]
[EventRounds "7"]
[EventCountry "HUN"]
[SourceTitle "EXT 2011"]
[Source "ChessBase"]
[SourceDate "2010.11.26"]
[SourceVersion "1"]
[SourceVersionDate "2010.11.26"]
[SourceQuality "1"]

1. Nf3 c5 2. b3 Nc6 3. Bb2 Nf6 4. e3 g6 5. Be2 Bg7 6. h3 0-0 7. 0-0 d5 8. d4 b6 9. Nbd2 Bb7 10. c4 e6 11. a3 Nd7 12. Qc2 dxc4 13. Nxc4 cxd4 14. Nd6 Qc7 15. Nxb7 Qxb7 16. Nxd4 Rac8 17. Nxc6 Rxc6 18. Qd2 Ne5 19. Rad1 Qc7 20. Rc1 Rd8 21. Rxc6 Nxc6 22. Qc2 Bxb2 23. Qxb2 Qe5 24. Qc2 Ne7 25. b4 Rc8 26. Qa4 Nd5 27. Qxa7 Nxe3 28. fxe3 Qxe3+ 29. Rf2 Rc1+ 30. Bf1 Rxf1+ 31. Kxf1 Qc1+ 32. Ke2 Qc2+ 33. Ke3 Qc3+ 1/2-1/2

[Event "Eger Tavasz op"]
[Site "Eger"]
[Date "2008.05.03"]
[Round "5"]
[White "Engel, Tibor"]
[Black "Stekkelpach, Jennifer"]
[Result "1/2-1/2"]
[WhiteElo "1901"]
[BlackElo "1656"]
[PlyCount "71"]
[EventDate "2008.05.01"]
[EventType "swiss"]
[EventRounds "7"]
[EventCountry "HUN"]
[SourceTitle "EXT 2011"]
[Source "ChessBase"]
[SourceDate "2010.11.26"]
[SourceVersion "1"]
[SourceVersionDate "2010.11.26"]
[SourceQuality "1"]

1. Nf3 d5 2. d4 Nc6 3. e3 Nf6 4. b3 e6 5. Bb5 Bd7 6. 0-0 Bd6 7. Bb2 0-0 8. Nbd2 Re8 9. Rc1 a6 10. Bd3 Qe7 11. c4 b6 12. Qc2 Nb4 13. Qb1 c5 14. dxc5 bxc5 15. Bxf6 Qxf6 16. Bxh7+ Kf8 17. e4 g6 18. a3 Nc6 19. exd5 exd5 20. cxd5 Nd4 21. Nxd4 Qxd4 22. Nc4 Bf4 23. Nb6 Bf5 24. Qa2 Bxc1 25. Nxa8 Rxa8 26. Rxc1 Kg7 27. Bxg6 fxg6 28. Qe2 Qxd5 29. Qe7+ Kh6 30. h3 Qxb3 31. Rxc5 Qd1+ 32. Kh2 Qd7 33. Qe3+ Kh7 34. Qf4 Rc8 35. Re5 Qc7 36. g3 1/2-1/2

[Event "Eger Tavasz op"]
[Site "Eger"]
[Date "2008.05.01"]
[Round "1"]
[White "Engel, Tibor"]
[Black "Bakos, Balazs"]
[Result "0-1"]
[WhiteElo "1901"]
[BlackElo "2385"]
[PlyCount "62"]
[EventDate "2008.05.01"]
[EventType "swiss"]
[EventRounds "7"]
[EventCountry "HUN"]
[SourceTitle "EXT 2011"]
[Source "ChessBase"]
[SourceDate "2010.11.26"]
[SourceVersion "1"]
[SourceVersionDate "2010.11.26"]
[SourceQuality "1"]

1. d4 Nf6 2. Nf3 g6 3. b3 Bg7 4. Bb2 d5 5. e3 0-0 6. Nbd2 Ne4 7. Nxe4 dxe4 8. Nd2 f5 9. c3 Kh8 10. Be2 Nc6 11. 0-0 e5 12. dxe5 Nxe5 13. Qc2 Be6 14. Rad1 Qe7 15. c4 Rad8 16. f3 exf3 17. Nxf3 Ng4 18. Bxg7+ Qxg7 19. Qc1 Qh6 20. e4 Rxd1 21. Rxd1 fxe4 22. Qxh6 Nxh6 23. Ng5 Bf5 24. Rf1 Re8 25. h3 Kg7 26. g4 Bc8 27. c5 Re5 28. h4 Rxc5 29. Nxe4 Re5 30. Ng3 Bxg4 31. Bc4 b5 0-1